Fiscal federalism 2016 making decentralisation work
Salvato in:
| Altri autori: | , |
|---|---|
| Natura: | Libro |
| Lingua: | inglese |
| Pubblicazione: |
Paris
OECD
2016
|
| Soggetti: | |
| Tags: |
Nessun Tag, puoi essere il primo ad aggiungerne!!
|
MARC
| LEADER | 00000nam a2200000 4500 | ||
|---|---|---|---|
| 001 | 0229005 | ||
| 005 | 20221107100928.4 | ||
| 020 | |a 978-92-64-25364-3 | ||
| 041 | 0 | |a eng | |
| 044 | |a FR | ||
| 245 | 1 | 0 | |a Fiscal federalism 2016 |b making decentralisation work |c edited by: Hansjörg Blöchliger and Junghun Kim |
| 264 | 1 | |a Paris |b OECD |c 2016 | |
| 300 | |a 148 s. | ||
| 610 | 2 | 0 | |a politika fiškálna |
| 610 | 2 | 0 | |a decentralizácia fiškálna |
| 610 | 2 | 0 | |a reformy daňové |
| 610 | 2 | 0 | |a majetok nehnuteľný |
| 610 | 2 | 0 | |a príjmy |
| 610 | 2 | 0 | |a dlhy |
| 610 | 2 | 0 | |a výdavky |
| 610 | 2 | 0 | |a financie verejné |
| 700 | 1 | |a Blöchliger, Hansjörg | |
| 700 | 1 | |a Kim, Junghun | |